| 000 | 00789cam0 22002411ib4500 | ||
|---|---|---|---|
| 001 | BY-MI0015-br18363 | ||
| 005 | 20241127142120.0 | ||
| 035 | ^a(BY-MI0015)BY-MI0015-br18363 | ||
| 100 | ^a20170111d1995 y0rusy50 ca | ||
| 101 | 0 | ^arus | |
| 102 | ^aRU | ||
| 105 | ^aa z 000yy | ||
| 200 | 1 |
^aМельник,мальчик и осёл ^bТекст ^eвосточная сказка ^fС.Я.Маршак ^gхудож..Е.Подколзин |
|
| 210 |
^aТверь ^cВек2 ^d1995 |
||
| 215 | ^a8с. | ||
| 686 |
^aД ^v2 ^2rubbk |
||
| 690 |
^a1 ^2Base ^9BY-MI0015 ^xRSEK |
||
| 700 | 1 |
^aМаршак ^bС. Я. |
|
| 801 | 0 |
^aBY ^bBY-MI0015 ^c20170111 ^gpsbo |
|
| 801 | 2 |
^aBY ^bBY-MI0015 ^c20241113 ^gpsbo |
|
| 899 |
^aBY-MI0015 ^hД ^iМ 30 |
||